000 00745nam a2200253Ia 4500
003 OSt
005 20220923224919.0
006 a|||||r|||| 00| 0
007 ta
008 220922b |||||||| |||| 00| 0 hin d
024 _a253,566
037 _cTextual
040 _aARTS
_cARTS
_bhin
041 _2hin
_ahin
082 _aO152,3N14,MK, J8
100 _aयशपाल
245 0 _aमनुष्य के रूप
246 _ahinuṣhya ke rūpa
260 _aलखनऊ
_b विपलव कार्यालय
_c1958
300 _a318पृ.
_ccm.
650 _aहिन्दी साहित्य
_9156264
942 _hO152,3N14,MK, J8
_cTEXL
_2CC
999 _c374626
_d374626